|
|
|
|
| LEADER |
00000nam0a2200000 4500 |
| 001 |
231207 |
| 005 |
20231101231049.0 |
| 035 |
|
|
|a (RuTPU)RU\TPU\book\252223
|
| 035 |
|
|
|a RU\TPU\book\252222
|
| 090 |
|
|
|a 231207
|
| 100 |
|
|
|a 20130130d1959 k y0rusy50 ca
|
| 101 |
0 |
|
|a rus
|
| 102 |
|
|
|a RU
|
| 105 |
|
|
|a a z 001zy
|
| 200 |
1 |
|
|a Очерки геохимии вернепалеозойских отложений гумидного типа (опыт фациально-геохимического исследования)
|f Н. М. Страхов, Э. С. Залмазон, М. А. Глаголева
|g Академия наук СССР (АН СССР), Геологический институт (ГИН)
|
| 210 |
|
|
|a Москва
|c Изд-во АН СССР
|d 1959
|
| 215 |
|
|
|a 223 с.
|c ил.
|
| 225 |
1 |
|
|a Геологический институт
|v Вып. 23
|
| 317 |
|
|
|5 63413507: КР-719
|a Поступила в НТБ в 2004 г. в составе книжного собрания профессора ТПИ К. В. Радугина
|
| 320 |
|
|
|a Библиогр.: с. 219-221.
|
| 606 |
1 |
|
|a Палеозойские отложения
|2 stltpush
|3 (RuTPU)RU\TPU\subj\47983
|9 66866
|
| 610 |
1 |
|
|a верхний палеозой
|
| 610 |
1 |
|
|a фациальные типы
|
| 610 |
1 |
|
|a угленосные толщи
|
| 610 |
1 |
|
|a Кузнецкий бассейн
|
| 610 |
1 |
|
|a Донецкий бассейн
|
| 610 |
1 |
|
|a Русская платформа
|
| 610 |
1 |
|
|a гумидные отложения
|
| 610 |
1 |
|
|a геохимические исследования
|
| 610 |
1 |
|
|a фациальный состав
|
| 610 |
1 |
|
|a библиотека К. В. Радугина
|
| 675 |
|
|
|a 551.73
|v 3
|
| 700 |
|
1 |
|a Страхов
|b Н. М.
|
| 701 |
|
1 |
|a Залмазон
|b Э. С.
|
| 701 |
|
1 |
|a Глаголева
|b М. А.
|
| 712 |
0 |
2 |
|a Академия наук СССР (АН СССР)
|b Геологический институт (ГИН)
|c (Москва)
|2 stltpush
|3 (RuTPU)RU\TPU\col\11354
|
| 801 |
|
1 |
|a RU
|b 63413507
|c 20130117
|
| 801 |
|
2 |
|a RU
|b 63413507
|c 20130729
|g RCR
|
| 942 |
|
|
|c BK
|